| 000 | 00643nam a2200217Ia 4500 | ||
|---|---|---|---|
| 005 | 20221022090946.0 | ||
| 008 | 131103s9999 xx 000 0 und d | ||
| 020 |
_a70528462 _cRs 475 |
||
| 040 | _aLoreto College | ||
| 041 | _aEnglish | ||
| 082 |
_a153.94 _bMUN |
||
| 100 | _aMuneer, Muhamed | ||
| 245 |
_aHow to prepare for the CAT _cMuhamed Muneer in association with G. Venkataramani, Prof. C. A. Regina |
||
| 250 | _aEnhanced 2nd ed | ||
| 260 |
_aNew Delhi _bTata McGraw-Hill Publishing Company Limited _c2005 |
||
| 300 | _a507p | ||
| 650 | _aAptitude Tests | ||
| 651 | _aCompetitive Examination | ||
| 850 | _aLCLIB | ||
| 942 | _cBK | ||
| 999 |
_c8044 _d58523 |
||